[Event "Under 3000 Open Tournament 1"]
[Site "SchemingMind.com"]
[Date "2015.08.30"]
[Round "-"]
[White "Robert Bruce"]
[Black "grabapawn"]
[Result "1-0"]
[WhiteCountry "SCO"]
[BlackCountry "USA"]
[WhiteElo "2259"]
[WhiteRD "68"]
[BlackElo "1594"]
[BlackRD "58"]
[GameID "386766"]

1. f4 c5 2. Nf3 d6 3. e4 Nc6 4. Bb5 Bd7 5. c3 g6 6. O-O Bg7 7. d4 a6 8. Bxc6 Bxc6 9. d5 Bb5 10. Re1 Nf6
11. a4 Bd7 12. e5 dxe5 13. fxe5 Nh5 14. h3 O-O 15. g4 Ng3 16. Kh2 Nf5 17. gxf5 Bxf5 18. Na3 Qc8 19. Nh4 Bd7 20. Nc4 e6
21. d6 Qd8 22. Nf3 Bc6 23. a5 f6 24. Kg3 fxe5 25. Ncxe5 Bxe5+ 26. Nxe5 Qf6 27. Qe2 Rad8 28. Bh6 g5 29. Nxc6 bxc6 30. Bxf8 Rxf8
31. Rf1 Qd8 32. Rxf8+ Qxf8 33. Qxe6+ Kg7 34. Qe5+ Kg6 35. d7
1-0

[Event "Under 3000 Open Tournament 1"]
[Site "SchemingMind.com"]
[Date "2015.09.04"]
[Round "-"]
[White "The Stonewall"]
[Black "Robert Bruce"]
[Result "1/2-1/2"]
[WhiteCountry "ENG"]
[BlackCountry "SCO"]
[WhiteElo "2247"]
[WhiteRD "86"]
[BlackElo "2209"]
[BlackRD "67"]
[GameID "386767"]

1. c4 Nf6 2. Nc3 g6 3. e4 e6 4. e5 Nh5 5. d4 Nc6 6. Nf3 d6 7. g4 dxe5 8. Nxe5 Nf6 9. Nxc6 bxc6 10. Bg2 Bd7
11. Bf4 Bb4 12. Qf3 O-O 13. Be5 Bxc3+ 14. bxc3 Ne8 15. O-O f6 16. Bf4 e5 17. Bh6 Rf7 18. Rfe1 Rb8 19. Rab1 Rxb1 20. Rxb1 Re7
21. Be3 Qc8 22. h3 e4 23. Qg3 Be6 24. Bf1 Kg7 25. Rb4 Bf7 26. g5 f5 27. Bf4 Kg8 28. Be5 Ng7 29. Ra4 Qb7 30. Rb4 Qc8
31. a3 Ne6 32. c5 Re8 33. Bc4 a5 34. Rb2 Re7 35. Bf6 Rd7 36. Ba6 Qa8 37. Bb7 Qb8 38. Kh2 Be8 39. f3 Nd8 40. Qe5 Nxb7
41. Rxb7 Qc8 42. fxe4 fxe4 43. Qxe4 Rf7 44. Ra7 Qb8 45. Rxa5 Rf8 46. Ra4 Qb2+ 47. Qg2 Qc1 48. d5 cxd5 49. Qxd5+ Bf7 50. Qg2 Re8
51. Re4 Rxe4 52. Qxe4 Qxa3 53. Bd4 Qa2+ 54. Kg3 Qe6=
1/2-1/2

[Event "Under 3000 Open Tournament 1"]
[Site "SchemingMind.com"]
[Date "2015.09.04"]
[Round "-"]
[White "Robert Bruce"]
[Black "The Stonewall"]
[Result "1/2-1/2"]
[WhiteCountry "SCO"]
[BlackCountry "ENG"]
[WhiteElo "2271"]
[WhiteRD "65"]
[BlackElo "2219"]
[BlackRD "83"]
[GameID "386768"]

1. f4 g6 2. Nf3 Bg7 3. e3 d5 4. Be2 Nh6 5. O-O O-O 6. d4 Nf5 7. c4 e6 8. Nc3 b6 9. cxd5 exd5 10. Qb3 c6
11. Ne5 Re8 12. Bd3 f6 13. Nf3 Nxe3 14. Re1 Nc4 15. Bxc4 Rxe1+ 16. Nxe1 dxc4 17. Qxc4+ Kh8 18. Be3 Qe8 19. Bf2 Be6 20. Qe2 Nd7
21. Nc2 Nf8 22. Rd1 Rd8 23. Nb4 a5 24. Nc2 f5 25. Qa6 Rb8 26. Qa7 Nd7 27. Ne3 Nf6 28. d5 cxd5 29. Nexd5 Nxd5 30. Nxd5 Rd8
31. Re1 Rxd5 32. Qxb6 Kg8 33. Qxe6+ Qxe6 34. Rxe6 Bxb2 35. Kf1 Bc3 36. Rc6=
1/2-1/2

[Event "Under 3000 Open Tournament 1"]
[Site "SchemingMind.com"]
[Date "2015.09.02"]
[Round "-"]
[White "emvarela"]
[Black "Robert Bruce"]
[Result "0-1"]
[WhiteCountry "ARG"]
[BlackCountry "SCO"]
[WhiteElo "1700"]
[WhiteRD "49"]
[BlackElo "2265"]
[BlackRD "67"]
[GameID "386769"]

1. e4 Nf6 2. e5 Nd5 3. d4 d6 4. Nf3 dxe5 5. dxe5 c6 6. Bc4 Nd7 7. Bxd5 cxd5 8. Be3 e6 9. O-O Be7 10. Nc3 O-O
11. Nd4 Nxe5 12. Qe2 Bd7 13. b3 Qa5 14. Nd1 Bf6 15. Bd2 Qb6 16. c3 Ng6 17. Be3 e5 18. Nf3 d4 19. cxd4 exd4 20. Nxd4 Bxd4
21. Bxd4 Qxd4 22. Ne3 Nf4 23. Qc4 Qe5 24. Rfe1 Bb5 25. Qc2 Bd3 26. Qd2 Rad8 27. Nc4 Qg5 28. Ne3 Nxg2 29. f4 Nxf4+ 30. Ng2 Nh3+
0-1

[Event "Under 3000 Open Tournament 1"]
[Site "SchemingMind.com"]
[Date "2015.08.30"]
[Round "-"]
[White "Jesse Turner"]
[Black "Robert Bruce"]
[Result "0-1"]
[WhiteCountry "USA"]
[BlackCountry "SCO"]
[WhiteElo "1814"]
[WhiteRD "179"]
[BlackElo "2259"]
[BlackRD "68"]
[GameID "386771"]

1. d4 Nf6 2. Nf3 c5 3. e3 g6 4. Bd3 Bg7 5. O-O O-O 6. b3 cxd4 7. exd4 Nc6 8. Bb2 d5 9. a3 Nh5 10. Re1 Bg4
11. c3 e5 12. dxe5 Nxe5 13. Be2 Nf4 14. Nxe5 Bxe2 15. Rxe2 Qg5
0-1

[Event "Under 3000 Open Tournament 1"]
[Site "SchemingMind.com"]
[Date "2015.08.30"]
[Round "-"]
[White "Robert Bruce"]
[Black "Jesse Turner"]
[Result "1-0"]
[WhiteCountry "SCO"]
[BlackCountry "USA"]
[WhiteElo "2271"]
[WhiteRD "65"]
[BlackElo "1819"]
[BlackRD "136"]
[GameID "386772"]

1. f4 d5 2. Nf3 Nf6 3. e3 Bg4 4. h3 Bxf3 5. Qxf3 e6 6. d3 c5 7. g4 Nc6 8. g5 Nd7 9. Nc3 Qb6 10. Bg2 h6
11. g6 f5 12. b3 Be7 13. O-O Bf6 14. Na4 Qa5 15. Rb1 b5 16. c3 bxa4 17. e4 fxe4 18. dxe4 Qxc3 19. Qxc3 Bxc3 20. exd5 Bd4+
21. Kh1 exd5 22. Bxd5 Rc8 23. bxa4
1-0

[Event "Under 3000 Open Tournament 1"]
[Site "SchemingMind.com"]
[Date "2015.08.30"]
[Round "-"]
[White "Transcendent"]
[Black "Robert Bruce"]
[Result "0-1"]
[WhiteCountry "ENG"]
[BlackCountry "SCO"]
[WhiteElo "1517"]
[WhiteRD "52"]
[BlackElo "2271"]
[BlackRD "65"]
[GameID "386773"]

1. d4 f5 2. c4 Nf6 3. g3 g6 4. Bg2 Bg7 5. Nc3 O-O 6. Nf3 d6 7. O-O Qe8 8. d5 Na6 9. Re1 Nc5 10. Nb5 Qd8
11. Nbd4 e5 12. dxe6 Nfe4 13. Nh4 Qf6 14. Nb5 Bxe6 15. Nxc7 Rac8 16. Nxe6 Qxe6 17. Qd5 Qxd5 18. cxd5 Bd4 19. e3 Nd3 20. Rd1 Nexf2
21. Rf1 Bb6 22. Bd2 Rc2
0-1

[Event "Under 3000 Open Tournament 1"]
[Site "SchemingMind.com"]
[Date "2015.08.30"]
[Round "-"]
[White "Robert Bruce"]
[Black "Transcendent"]
[Result "1-0"]
[WhiteCountry "SCO"]
[BlackCountry "ENG"]
[WhiteElo "2271"]
[WhiteRD "65"]
[BlackElo "1517"]
[BlackRD "52"]
[GameID "386774"]

1. f4 e5 2. fxe5 d6 3. exd6 Bxd6 4. Nf3 g5 5. g3 g4 6. Nh4 Ne7 7. d4 Nbc6 8. c3 Be6 9. e4 Bd7 10. Be2 Ng6
11. Nf5 Qf6 12. O-O O-O-O 13. Bxg4 h5 14. Bxh5 Qe6 15. Qe2 Rdg8 16. d5 Bc5+ 17. Kh1 Qe5 18. dxc6 Bxc6 19. Bf3 Ne7 20. Bf4 Qe6
21. Nd4 Bxd4 22. cxd4 Qd7 23. Nc3 Ng6 24. d5
1-0

[Event "Under 3000 Open Tournament 1"]
[Site "SchemingMind.com"]
[Date "2015.09.04"]
[Round "-"]
[White "Robert Bruce"]
[Black "Gantz69"]
[Result "1-0"]
[WhiteCountry "SCO"]
[BlackCountry "MEX"]
[WhiteElo "2265"]
[WhiteRD "67"]
[BlackElo "1423"]
[BlackRD "86"]
[GameID "386775"]

1. d4 Nf6 2. Nf3 d5 3. c4 e6 4. Nc3 Bb4 5. Qb3 a5 6. a3 Bxc3+ 7. Qxc3 O-O 8. Bg5 h6 9. Bxf6 Qxf6 10. cxd5 c6
11. dxc6 Nxc6 12. e3 Bd7 13. Be2 Rac8 14. O-O Ne7 15. Qxa5 Rc2 16. Bd3 Rxb2 17. Qc3 Rb6 18. Qc7 Rb3 19. Qxd7 Rxd3 20. Qxb7 Nf5
21. Qb2 Rc8 22. Rfc1
1-0

[Event "Under 3000 Open Tournament 1"]
[Site "SchemingMind.com"]
[Date "2015.09.04"]
[Round "-"]
[White "Gantz69"]
[Black "Robert Bruce"]
[Result "0-1"]
[WhiteCountry "MEX"]
[BlackCountry "SCO"]
[WhiteElo "1423"]
[WhiteRD "86"]
[BlackElo "2265"]
[BlackRD "67"]
[GameID "386776"]

1. c4 e6 2. Nc3 d5 3. cxd5 exd5 4. d4 c6 5. Nf3 Bf5 6. e3 Bd6 7. Bd3 Bxd3 8. Qxd3 Nf6 9. O-O O-O 10. Re1 Nbd7
11. e4 dxe4 12. Nxe4 Nxe4 13. Rxe4 Nc5 14. dxc5 Bxh2+ 15. Nxh2 Qxd3 16. Re3 Qd1+ 17. Nf1 Rfe8 18. g3 Rxe3 19. fxe3 Rd8 20. Kf2 Rd5
21. b4 Rf5+
0-1